[Event "II Weekend Open"]
[Site "Omegna ITA"]
[Date "2014.08.09"]
[Round "3"]
[White "Nanni, Sergio"]
[Black "Resch, Aaron"]
[WhiteElo "1706"]
[BlackElo "1741"]
[Result "0-1"]
[PlyCount "80"]
[EventDate "2014.08.08"]

1. e4 b6 2. d4 Bb7 3. Nc3 e6 4. Nf3 d6 5. Bd3 Ne7 6. O-O g6 7. Bg5 Bg7 8. Qd2
h6 9. Bxe7 Qxe7 10. d5 e5 11. Bb5+ Nd7 12. Bc6 Bxc6 13. dxc6 Nc5 14. b4 Ne6 15.
Nd5 Qd8 16. b5 O-O 17. g3 Kh7 18. Rae1 a6 19. a4 axb5 20. axb5 Ra3 21. Kg2 Qa8
22. Rb1 Qa7 23. Nh4 Rc8 24. c3 Nc5 25. Qe2 Ra2 26. Qg4 Re8 27. Qf3 Rf8 28. Nf6+
Bxf6 29. Qxf6 Nxe4 30. Qe7 Kg8 31. Rb4 Ng5 32. Qf6 Nh7 33. Qe7 Ng5 34. Rg4 Qb8
35. Qf6 Qe8 36. Kh1 Qe6 37. Qxe6 Nxe6 38. f4 h5 39. f5 hxg4 40. fxe6 fxe6 0-1

[Event "II Weekend Open"]
[Site "Omegna ITA"]
[Date "2014.08.09"]
[Round "3"]
[White "Piazza, Francesco"]
[Black "Merighi, Yasin"]
[WhiteElo "1270"]
[BlackElo "1576"]
[Result "0-1"]
[PlyCount "46"]
[EventDate "2014.08.08"]

1. d4 d5 2. c4 e6 3. cxd5 exd5 4. e3 Nf6 5. Bb5+ c6 6. Bd3 Bd6 7. Nf3 Bg4 8.
Be2 O-O 9. Ne5 Bxe2 10. Qxe2 Re8 11. O-O Bxe5 12. dxe5 Rxe5 13. Nc3 Qd6 14. b3
Rh5 15. g3 Nbd7 16. Bb2 Rh6 17. Rad1 Rg6 18. Qd3 Qe6 19. Qe2 Qh3 20. Qf3 Rh6
21. Qh1 Ng4 22. f3 Nxh2 23. Qxh2 Qxh2# 0-1

[Event "II Weekend Open"]
[Site "Omegna ITA"]
[Date "2014.08.09"]
[Round "3"]
[White "Pivari, Flavio"]
[Black "Alberio, Nicolo'"]
[WhiteElo "1410"]
[BlackElo "1659"]
[Result "1/2-1/2"]
[PlyCount "64"]
[EventDate "2014.08.08"]

1. e4 c5 2. Nf3 Nc6 3. d4 cxd4 4. Nxd4 Nf6 5. Nc3 e5 6. Nxc6 bxc6 7. Bc4 h6 8.
Qf3 Be7 9. Ne2 d6 10. h3 Qb6 11. Bb3 Qb4+ 12. Nc3 O-O 13. a3 Qb7 14. O-O Be6
15. Bxe6 fxe6 16. Qd3 d5 17. exd5 exd5 18. Qg6 Kh8 19. Qg3 d4 20. Ne2 c5 21.
Qg6 Qd5 22. Ng3 Qf7 23. Qxf7 Rxf7 24. Nf5 Bf8 25. Nh4 Kh7 26. Nf3 Re8 27. Nd2
g5 28. Nc4 Nd7 29. b4 Re6 30. Bd2 Nb6 31. Nxb6 axb6 32. bxc5 bxc5 1/2-1/2

[Event "II Weekend Open"]
[Site "Omegna ITA"]
[Date "2014.08.09"]
[Round "3"]
[White "Potterat, Aaron"]
[Black "Rossi, Emanuele"]
[WhiteElo "1440"]
[BlackElo "1605"]
[Result "0-1"]
[PlyCount "93"]
[EventDate "2014.08.08"]

1. d4 c5 2. e3 cxd4 3. exd4 d5 4. Nc3 Nf6 5. h3 Nc6 6. Nf3 g6 7. Qe2 Bg7 8. Bf4
Nh5 9. Bh2 a6 10. Qe3 Nb4 11. Qd2 Bh6 12. Qd1 Bf5 13. Bd3 Bxd3 14. cxd3 O-O 15.
Qb3 Nxd3+ 16. Kf1 e6 17. Na4 Nc1 18. Qxb7 Qa5 19. b3 Rab8 20. Bxb8 Qb5+ 21.
Qxb5 axb5 22. Bd6 Rd8 23. Be7 Rd7 24. Bg5 Bxg5 25. Nxg5 Nd3 26. Nb6 Rc7 27. Na8
Rc2 28. Kg1 Nhf4 29. Kh2 Ne2 30. Rhd1 Nb4 31. a3 Na2 32. Rd3 h6 33. Nf3 Nac1
34. Rd2 Rc3 35. a4 b4 36. a5 Nxb3 37. Rxe2 Nxa1 38. Nd2 Ra3 39. Re1 Rxa5 40.
Nb6 Ra2 41. Rc1 b3 42. Rc8+ Kg7 43. Nd7 Rxd2 44. Rc1 b2 45. Rb1 Nb3 46. Nc5
Nxc5 47. dxc5 0-1

[Event "II Weekend Open"]
[Site "Omegna ITA"]
[Date "2014.08.09"]
[Round "3"]
[White "Puricelli, Giancarlo"]
[Black "Koureas, Panicos"]
[WhiteElo "1683"]
[BlackElo "1417"]
[Result "1-0"]
[PlyCount "72"]
[EventDate "2014.08.08"]

1. d4 d5 2. c4 e6 3. Nc3 Nf6 4. Nf3 Be7 5. e3 Nbd7 6. Bd3 O-O 7. O-O c6 8. Qc2
dxc4 9. Bxc4 b5 10. Bd3 Bb7 11. Rd1 Qc7 12. Ne2 Rad8 13. Bxb5 Nd5 14. Bd3 N7f6
15. Bd2 c5 16. e4 Nb4 17. Bxb4 a5 18. Be1 Rc8 19. Ng3 Qf4 20. Bd2 Qb8 21. Bc3
c4 22. Be2 Qa8 23. e5 Nd5 24. Qd2 f5 25. Bxa5 Ba6 26. Bc3 Qc6 27. a3 Qe8 28.
Ng5 Qg6 29. h4 h6 30. Bh5 Bxg5 31. hxg5 Qxg5 32. Qxg5 hxg5 33. Bf3 Kf7 34. Bxd5
exd5 35. Bb4 Rfe8 36. Nxf5 Kg8 1-0

[Event "II Weekend Open"]
[Site "Omegna ITA"]
[Date "2014.08.09"]
[Round "3"]
[White "Recanatini, Italo"]
[Black "Nordio, Giorgio"]
[WhiteElo "1800"]
[BlackElo "1716"]
[Result "1/2-1/2"]
[PlyCount "70"]
[EventDate "2014.08.08"]

1. e4 c6 2. d4 d5 3. e5 Bf5 4. Bd3 Bxd3 5. Qxd3 e6 6. Nf3 Nd7 7. c3 Qc7 8. Be3
c5 9. O-O Ne7 10. b4 c4 11. Qc2 Ng6 12. a4 Be7 13. Re1 O-O 14. Na3 a5 15. Nb5
Qc6 16. bxa5 Rxa5 17. Bg5 Rfa8 18. Bxe7 Nxe7 19. Reb1 Nb6 20. Nd6 h6 21. h3
Nec8 22. Nxc8 Nxc8 23. Qb2 b6 24. Nd2 Rxa4 25. Rxa4 Qxa4 26. Qb5 Qxb5 27. Rxb5
Ra1+ 28. Nb1 Ra5 29. Rxa5 bxa5 30. Na3 Kf8 31. Kf1 Ke7 32. Ke2 Kd7 33. Kd2 Kc6
34. Kc2 Na7 35. Kb2 Nb5 1/2-1/2

[Event "II Weekend Open"]
[Site "Omegna ITA"]
[Date "2014.08.09"]
[Round "3"]
[White "Rigotti, Gianluigi"]
[Black "Frignani, Alessandro"]
[WhiteElo "1606"]
[BlackElo "1461"]
[Result "0-1"]
[PlyCount "38"]
[EventDate "2014.08.08"]

1. e4 e5 2. Nf3 Qf6 3. Bc4 Bc5 4. d3 h6 5. O-O d6 6. c3 Nc6 7. b4 Bb6 8. d4 a5
9. b5 Nce7 10. h3 c5 11. bxc6 Nxc6 12. Bb5 Bd7 13. Be3 Bd8 14. Nh2 Qg6 15. Qf3
Nf6 16. Nd2 O-O 17. Nc4 Nh7 18. Qg3 Bc7 19. Qxg6 fxg6 0-1

[Event "II Weekend Open"]
[Site "Omegna ITA"]
[Date "2014.08.09"]
[Round "3"]
[White "Schgaguler, Gunther"]
[Black "Sajjadi, Kimiya"]
[WhiteElo "1593"]
[BlackElo "1531"]
[Result "0-1"]
[PlyCount "48"]
[EventDate "2014.08.08"]

1. e4 e6 2. d4 d5 3. e5 c5 4. c3 Ne7 5. Nf3 Nbc6 6. Bd3 cxd4 7. cxd4 Nf5 8.
Bxf5 exf5 9. O-O Be7 10. Nc3 Be6 11. Re1 O-O 12. Be3 g5 13. h3 Kh8 14. Nh2 Rg8
15. f4 Rg6 16. Kh1 Qf8 17. fxg5 Bxg5 18. Bxg5 Rxg5 19. Qd2 Qg7 20. Nb5 Rg8 21.
Re2 a6 22. Nd6 Nxd4 23. Qxd4 Rxg2 24. Qd1 Qg3 0-1

[Event "II Weekend Open"]
[Site "Omegna ITA"]
[Date "2014.08.09"]
[Round "3"]
[White "Tencheni, Maurizio"]
[Black "Tinelli, Fulvio"]
[WhiteElo "1740"]
[BlackElo "1440"]
[Result "0-1"]
[PlyCount "96"]
[EventDate "2014.08.08"]

1. b3 e6 2. Bb2 Nf6 3. c4 Be7 4. e3 O-O 5. Nc3 d5 6. cxd5 exd5 7. Nf3 Bg4 8. h3
Bh5 9. g4 Bg6 10. Ne5 c6 11. Nxg6 fxg6 12. Ne2 Ne4 13. Nf4 Nxf2 14. Kxf2 g5 15.
Bd3 gxf4 16. exf4 Rxf4+ 17. Kg2 Bf6 18. Qc2 Bxb2 19. Qxb2 Qf6 20. Qxf6 Rxf6 21.
Bf5 Na6 22. Rae1 g6 23. Bd3 Nc5 24. Bb1 Raf8 25. Rhf1 Rxf1 26. Rxf1 Rxf1 27.
Kxf1 Kf7 28. Ke2 Kf6 29. h4 Ke5 30. Ke3 d4+ 31. Kf3 a5 32. h5 gxh5 33. gxh5 h6
34. Bh7 Nd7 35. Bg6 Nf6 36. a3 Nd5 37. Be4 Nf4 38. b4 axb4 39. axb4 Nxh5 40. b5
cxb5 41. Bxb7 Nf6 42. Ba6 b4 43. Bc4 Nd5 44. Bb3 Nf4 45. Bc2 h5 46. Kg3 d3 47.
Bb3 Ne2+ 48. Kh4 Nc1 0-1

[Event "II Weekend Open"]
[Site "Omegna ITA"]
[Date "2014.08.09"]
[Round "3"]
[White "Zahner, Rolf"]
[Black "Lantschner, Arnold"]
[WhiteElo "1637"]
[BlackElo "1377"]
[Result "1-0"]
[PlyCount "75"]
[EventDate "2014.08.08"]

1. e4 e5 2. Bc4 Bc5 3. Nf3 d6 4. c3 Bg4 5. d3 h6 6. Nbd2 Nc6 7. a4 a5 8. Qb3 b6
9. Bxf7+ Kf8 10. Bd5 Nge7 11. Nh4 Qe8 12. Bc4 Qh5 13. Ndf3 Ke8 14. h3 Bxf3 15.
Nxf3 Ng6 16. Bd5 Kd7 17. Be6+ Ke7 18. Bg4 Qxg4 19. hxg4 Nf4 20. Bxf4 exf4 21.
d4 Bb4 22. cxb4 Nxb4 23. Ke2 c5 24. Rac1 Kf6 25. dxc5 bxc5 26. Qc3+ Kg6 27.
Rcd1 Rad8 28. Rh5 Rd7 29. Qc4 Rhd8 30. Qe6+ Kh7 31. Ng5+ Kh8 32. Nf7+ Kh7 33.
Nxd8 Rxd8 34. g5 g6 35. Rxh6+ Kg7 36. Qe7+ Kg8 37. Rxg6+ Kh8 38. Rh1# 1-0

[Event "II Weekend Open"]
[Site "Omegna ITA"]
[Date "2014.08.10"]
[Round "4"]
[White "Agnello, Francesco Claudio"]
[Black "Resch, Aaron"]
[WhiteElo "1836"]
[BlackElo "1741"]
[Result "1-0"]
[PlyCount "151"]
[EventDate "2014.08.08"]

1. e4 b6 2. d4 Bb7 3. Nc3 e6 4. Nge2 Ne7 5. Be3 d6 6. f3 Nd7 7. g3 g6 8. Bg2
Bg7 9. O-O h6 10. Qd2 a6 11. f4 O-O 12. f5 exf5 13. Bxh6 Nf6 14. Bxg7 Kxg7 15.
d5 Rb8 16. Qd4 Neg8 17. exf5 Kh7 18. g4 Qe7 19. Rf3 Qe5 20. Rh3+ Kg7 21. Qxe5
dxe5 22. g5 Nh5 23. f6+ Ngxf6 24. gxf6+ Nxf6 25. Rd1 Rfd8 26. Rhd3 Rd6 27. Ng3
Rbd8 28. Nf1 Nh5 29. Ne2 a5 30. c4 Ba6 31. b3 c6 32. Nfg3 Nxg3 33. Nxg3 f5 34.
Ne2 e4 35. Re3 cxd5 36. cxd5 Rxd5 37. Rxd5 Rxd5 38. Nc3 Rd2 39. a4 Kf6 40. Bxe4
Rd4 41. Bd5 Bc8 42. Bc4 Rd6 43. Rd3 Rxd3 44. Bxd3 Be6 45. Bc4 Bxc4 46. bxc4 Ke5
47. Nd5 Kd4 48. Nxb6 Kc5 49. Nd7+ Kxc4 50. Ne5+ Kb4 51. Nxg6 Kxa4 52. Ne5 Kb3
53. Nd3 Kc4 54. h4 Kd5 55. Kf2 Ke6 56. Ke3 Kf6 57. Nf4 a4 58. Kd3 a3 59. Kc2
Ke5 60. h5 Kxf4 61. h6 a2 62. Kb2 Kg3 63. h7 f4 64. h8=Q f3 65. Qh1 Kf2 66.
Kxa2 Ke2 67. Qh5 Ke3 68. Qe5+ Kf2 69. Kb2 Kf1 70. Kc2 f2 71. Qg3 Ke2 72. Qg2
Ke1 73. Kc3 Ke2 74. Kd4 Ke1 75. Ke3 f1=N+ 76. Kd3 1-0

[Event "II Weekend Open"]
[Site "Omegna ITA"]
[Date "2014.08.10"]
[Round "4"]
[White "Alberio, Nicolo'"]
[Black "Del Nevo, Claudio"]
[WhiteElo "1659"]
[BlackElo "1832"]
[Result "0-1"]
[PlyCount "60"]
[EventDate "2014.08.08"]

1. d4 d6 2. c4 Nf6 3. Nc3 c6 4. Nf3 g6 5. g3 Bg7 6. Bg2 O-O 7. O-O Nbd7 8. e4
Qc7 9. Qb3 Rb8 10. Be3 a6 11. h3 b5 12. c5 b4 13. Na4 Nxe4 14. Rac1 d5 15. Rfd1
e5 16. Nb6 a5 17. Rc2 Re8 18. h4 exd4 19. Nxd4 Ndxc5 20. Nxd5 Qb7 21. Qc4 cxd5
22. Qf1 Qd7 23. Nf3 Ba6 24. Qe1 Rbc8 25. Kh2 Nd3 26. Rxc8 Nxe1 27. Rxe8+ Qxe8
28. Nxe1 Qe5 29. Bd4 Qe6 30. Bxg7 Kxg7 0-1

[Event "II Weekend Open"]
[Site "Omegna ITA"]
[Date "2014.08.10"]
[Round "4"]
[White "Amoros, Pierre"]
[Black "Bettini, Alessandro"]
[WhiteElo "1612"]
[BlackElo "1829"]
[Result "1-0"]
[PlyCount "59"]
[EventDate "2014.08.08"]

1. e4 Nc6 2. Nc3 Nf6 3. Bc4 Na5 4. Be2 e5 5. Nf3 d6 6. Bb5+ Bd7 7. Bxd7+ Qxd7
8. d3 Be7 9. Be3 Ng4 10. Bd2 b6 11. Nd5 Nc6 12. h3 Nf6 13. Nxf6+ Bxf6 14. Qe2
O-O 15. g4 Nd4 16. Nxd4 exd4 17. g5 Be7 18. O-O-O Qe6 19. Kb1 g6 20. h4 Rfe8
21. h5 Bf8 22. f4 Bg7 23. hxg6 hxg6 24. Qh2 c5 25. Qh7+ Kf8 26. f5 Qe5 27. f6
Bxf6 28. gxf6 Qxf6 29. Rdf1 Qe6 30. Bg5 1-0

[Event "II Weekend Open"]
[Site "Omegna ITA"]
[Date "2014.08.10"]
[Round "4"]
[White "Benenati, Gianfranco"]
[Black "Cavagna, Marco"]
[WhiteElo "1832"]
[BlackElo "1497"]
[Result "1-0"]
[PlyCount "133"]
[EventDate "2014.08.08"]

1. e4 c5 2. Bc4 Nc6 3. Nf3 d6 4. Nc3 g6 5. d4 cxd4 6. Nxd4 Bg7 7. Be3 Nf6 8. f3
O-O 9. Qd2 Bd7 10. g4 Ne5 11. Be2 Rc8 12. b3 b6 13. g5 Ne8 14. Nd5 Nc7 15. Nxc7
Rxc7 16. Rc1 Nc6 17. Nb5 Rc8 18. c4 a6 19. Nc3 Be6 20. h4 Ne5 21. h5 Nd7 22. f4
Nc5 23. Bf3 Bd7 24. Nd5 Bc6 25. hxg6 fxg6 26. Bxc5 dxc5 27. Qh2 Kf7 28. Rd1
Bxd5 29. exd5 Qd6 30. Bg4 Ke8 31. Rf1 e6 32. Bxe6 Rc7 33. Rd3 Bd4 34. Rdf3 Re7
35. Qh3 Kd8 36. Kd2 b5 37. Kc2 bxc4 38. bxc4 Qb6 39. Rb1 Qc7 40. Qf1 Ree8 41.
Rbb3 Ke7 42. Qe2 Kd6 43. Qd2 Rb8 44. Rxb8 Rxb8 45. Rb3 Bg7 46. Qe3 Bd4 47. Qe1
Rxb3 48. axb3 a5 49. Bg4 Qf7 50. Qe4 Qe7 51. Be6 Ba1 52. Kd1 Qb7 53. Qc2 Bd4
54. f5 gxf5 55. Bxf5 Qg7 56. Qh2+ Be5 57. Qxh7 Qxh7 58. Bxh7 Ke7 59. Ke2 Bf4
60. g6 Kf6 61. Kf3 Bd6 62. Kg4 Be7 63. Kh5 Kg7 64. Kg4 Kf6 65. Kf4 Bd6+ 66. Ke4
Be5 67. g7 1-0

[Event "II Weekend Open"]
[Site "Omegna ITA"]
[Date "2014.08.10"]
[Round "4"]
[White "Brioschi, Camillo"]
[Black "Chanex, Arnaud"]
[WhiteElo "1764"]
[BlackElo "1726"]
[Result "1/2-1/2"]
[PlyCount "84"]
[EventDate "2014.08.08"]

1. d4 Nf6 2. c4 e6 3. Nc3 Bb4 4. e3 O-O 5. a3 Bxc3+ 6. bxc3 b6 7. Qf3 d5 8.
cxd5 exd5 9. Bd3 Qe7 10. Qd1 Bg4 11. f3 Bh5 12. Ne2 Bg6 13. Ng3 Nbd7 14. O-O c5
15. Re1 cxd4 16. exd4 Qd6 17. Nf5 Bxf5 18. Bxf5 Rfe8 19. Bd2 Rxe1+ 20. Qxe1 Re8
21. Qf2 b5 22. Bd3 Qc6 23. Re1 Rxe1+ 24. Qxe1 Kf8 25. Qb1 a6 26. Qb4+ Ke8 27.
Qa5 Qb6 28. Qxb6 Nxb6 29. g4 h6 30. h4 Nc4 31. Bc1 g6 32. Bxc4 bxc4 33. Bxh6
Ke7 34. Bg5 Ke6 35. Bxf6 Kxf6 36. Kg2 a5 37. Kg3 Ke6 38. Kf4 Kf6 39. h5 g5+ 40.
Kg3 Kg7 41. f4 f6 42. a4 Kh7 1/2-1/2

[Event "II Weekend Open"]
[Site "Omegna ITA"]
[Date "2014.08.10"]
[Round "4"]
[White "Buoniconti, Francesco"]
[Black "Schgaguler, Gunther"]
[WhiteElo "1449"]
[BlackElo "1593"]
[Result "1/2-1/2"]
[PlyCount "102"]
[EventDate "2014.08.08"]

1. d4 e6 2. Nf3 f5 3. e3 Nf6 4. Bd3 b6 5. Nbd2 Bb7 6. O-O Be7 7. b3 O-O 8. Bb2
Qe8 9. Qe2 a6 10. e4 fxe4 11. Nxe4 Nxe4 12. Bxe4 Bxe4 13. Qxe4 Nc6 14. d5 exd5
15. Qxd5+ Kh8 16. Rae1 Rd8 17. Ng5 Qg6 18. f4 Bf6 19. Bxf6 Rxf6 20. Qc4 a5 21.
Re3 h6 22. Nf3 d5 23. Qd3 Qxd3 24. cxd3 Rxf4 25. Re6 Nb4 26. Ne5 Rxf1+ 27. Kxf1
Rf8+ 28. Ke2 Kh7 29. Re7 c5 30. Nd7 Rf4 31. Nxb6 Rd4 32. Nd7 Nxd3 33. Nf8+ Kg8
34. Ne6 Nc1+ 35. Kf3 Rd3+ 36. Kf4 Rd2 37. Rxg7+ Kh8 38. Rg6 Nd3+ 39. Ke3 Rxa2
40. Kxd3 Ra3 41. Nxc5 Kh7 42. Rd6 Ra2 43. Rxd5 Rxg2 44. Rd7+ Kg6 45. Ra7 Rxh2
46. Ra6+ Kf5 47. Rxa5 h5 48. Ne4+ Kf4 49. Ra8 Rh3+ 50. Kd4 Rxb3 51. Rf8+ Kg4
1/2-1/2

[Event "II Weekend Open"]
[Site "Omegna ITA"]
[Date "2014.08.10"]
[Round "4"]
[White "Castiglioni, Fabrizio"]
[Black "Grudina, Marco"]
[WhiteElo "1797"]
[BlackElo "1741"]
[Result "0-1"]
[PlyCount "52"]
[EventDate "2014.08.08"]

1. d4 d5 2. Nf3 Nf6 3. c4 c6 4. Nc3 e6 5. Bg5 Nbd7 6. e3 Qa5 7. Nd2 Bb4 8. Qc2
O-O 9. Bd3 dxc4 10. Nxc4 Qxg5 11. h4 Bxc3+ 12. bxc3 Qh5 13. Be2 Qd5 14. f3 Nb6
15. e4 Qd8 16. Ne3 Qc7 17. e5 Nfd5 18. Ng4 c5 19. Qd2 cxd4 20. c4 Ne3 21. Nxe3
dxe3 22. Qxe3 Nxc4 23. Qg5 Qxe5 24. Qc1 Ne3 25. Rb1 Rd8 26. Rb5 Qg3# 0-1

[Event "II Weekend Open"]
[Site "Omegna ITA"]
[Date "2014.08.10"]
[Round "4"]
[White "Ciochetta, Giovanni"]
[Black "Piazza, Francesco"]
[WhiteElo "1549"]
[BlackElo "1270"]
[Result "1-0"]
[PlyCount "61"]
[EventDate "2014.08.08"]

1. e4 e5 2. Nf3 Nc6 3. Bc4 h6 4. O-O d6 5. d4 Bg4 6. d5 Nd4 7. Be2 Bxf3 8. Bxf3
Nxf3+ 9. Qxf3 Nf6 10. Nc3 Qd7 11. h3 O-O-O 12. a4 Kb8 13. Qd3 c6 14. Be3 cxd5
15. exd5 Rc8 16. Nb5 b6 17. a5 e4 18. Qb3 Qb7 19. axb6 axb6 20. c4 Nd7 21. Ra7
Nc5 22. Rxb7+ Kxb7 23. Bxc5 dxc5 24. Re1 Re8 25. Nc3 e3 26. fxe3 Bd6 27. Qb5
Rc8 28. Ne4 Be5 29. Ra1 Ra8 30. Qc6+ Kb8 31. Rxa8# 1-0

[Event "II Weekend Open"]
[Site "Omegna ITA"]
[Date "2014.08.10"]
[Round "4"]
[White "Frignani, Alessandro"]
[Black "Coqueraut, Lodewyk"]
[WhiteElo "1461"]
[BlackElo "1691"]
[Result "0-1"]
[PlyCount "70"]
[EventDate "2014.08.08"]

1. e4 e6 2. d4 d5 3. e5 c5 4. c3 Nc6 5. Be3 c4 6. b4 Bd7 7. Na3 Nge7 8. Qf3 Nf5
9. g3 Nce7 10. Be2 Ng6 11. h4 a5 12. Nc2 Ba4 13. Bd1 axb4 14. Nxb4 Bxd1 15.
Qxd1 Bxb4 16. cxb4 Nxe3 17. fxe3 O-O 18. h5 Ne7 19. g4 f5 20. Nh3 fxg4 21. Qxg4
Nf5 22. Ke2 Ra3 23. Rhg1 Rxe3+ 24. Kd2 Re4 25. Nf4 Rxd4+ 26. Kc1 Qb6 27. a3
Rxf4 28. Qxf4 Qxg1+ 29. Kb2 c3+ 30. Ka2 Qg2+ 31. Kb3 Qb2+ 32. Ka4 Qxa1 33. Qf2
Ra8+ 34. Kb5 Qxa3 35. Qb6 Qa4+ 0-1

[Event "II Weekend Open"]
[Site "Omegna ITA"]
[Date "2014.08.10"]
[Round "4"]
[White "Giusti, Francesco"]
[Black "Lantschner, Arnold"]
[WhiteElo "1584"]
[BlackElo "1377"]
[Result "1-0"]
[PlyCount "97"]
[EventDate "2014.08.08"]

1. e4 e5 2. Nf3 Nc6 3. Bc4 Bc5 4. c3 Nf6 5. b4 Bb6 6. d3 d6 7. Qb3 O-O 8. Bg5
h6 9. Bxf6 Qxf6 10. Nbd2 Re8 11. h3 Be6 12. Bxe6 Qxe6 13. c4 Nd4 14. Nxd4 Bxd4
15. Rc1 b6 16. a4 c5 17. O-O Qg6 18. Nf3 Kh7 19. Nh4 Qg3 20. Nf5 Qg6 21. Rc2
Red8 22. Ne7 Qg5 23. Nd5 g6 24. g3 Rd7 25. Kh2 Kg7 26. b5 Rb8 27. Ra2 Rdd8 28.
a5 Rdc8 29. axb6 axb6 30. Ra7 Qd8 31. Re7 Ra8 32. Qc2 Ra1 33. Rxa1 Bxa1 34. Qa2
Ra8 35. Ra7 Rxa7 36. Qxa7 Bd4 37. Kg2 Kf8 38. Nxb6 Qe7 39. Qb8+ Qe8 40. Qxd6+
Qe7 41. Nd7+ Ke8 42. Nf6+ Kf8 43. Qb8+ Kg7 44. Nd5 Qg5 45. Qd6 Qd2 46. Qf6+ Kg8
47. Qf3 Kf8 48. b6 Qb2 49. Qf6 1-0

[Event "II Weekend Open"]
[Site "Omegna ITA"]
[Date "2014.08.10"]
[Round "4"]
[White "Greco, Umberto"]
[Black "Pivari, Flavio"]
[WhiteElo "1707"]
[BlackElo "1410"]
[Result "1-0"]
[PlyCount "86"]
[EventDate "2014.08.08"]

1. c4 Nf6 2. Nf3 g6 3. g3 Bg7 4. Bg2 O-O 5. O-O c5 6. Nc3 d6 7. d3 a5 8. Rb1
Bd7 9. Bg5 Bc6 10. a3 Na6 11. Re1 h6 12. Bxf6 Bxf6 13. e4 Nc7 14. Nd5 Nxd5 15.
exd5 Bd7 16. Qd2 Kg7 17. b4 b5 18. bxc5 dxc5 19. cxb5 Qb6 20. a4 Rfe8 21. Ne5
Bxe5 22. Rxe5 Rad8 23. Qb2 Kh7 24. Rbe1 e6 25. dxe6 Rxe6 26. Rxe6 Bxe6 27. Be4
Bf5 28. Bxf5 gxf5 29. Qc2 Rd4 30. Rc1 Qd6 31. Qxc5 Rxd3 32. Qxd6 Rxd6 33. f4
Rd4 34. Ra1 Rb4 35. Ra2 Kg6 36. Kg2 h5 37. Kh3 Kh6 38. Kh4 Kg6 39. Rc2 Rxa4 40.
Rc6+ f6 41. Rd6 Ra2 42. Kh3 a4 43. b6 Rb2 1-0

[Event "II Weekend Open"]
[Site "Omegna ITA"]
[Date "2014.08.10"]
[Round "4"]
[White "Guensberg, Alex"]
[Black "Minore, Antonino"]
[WhiteElo "1754"]
[BlackElo "1276"]
[Result "1-0"]
[PlyCount "104"]
[EventDate "2014.08.08"]

1. d4 d6 2. e4 g6 3. c4 Bg7 4. f4 e6 5. Nf3 Ne7 6. Bd3 b6 7. Nc3 Nbc6 8. Be3 a6
9. O-O f6 10. Qc2 Bd7 11. a3 O-O 12. Rad1 Na5 13. b4 Nb7 14. Qb3 Qe8 15. c5
bxc5 16. bxc5 Na5 17. Qa2 Bb5 18. Qxe6+ Kh8 19. Nxb5 axb5 20. cxd6 cxd6 21.
Qxd6 Nc4 22. Bxc4 bxc4 23. Qb4 Ra4 24. Qc3 Qa8 25. Nd2 Rxa3 26. Qxc4 Rxe3 27.
Qc5 Re8 28. d5 Ra3 29. Nc4 Rc3 30. Qb4 f5 31. Nd6 Qa7+ 32. Kh1 Rb8 33. Nb5 Qb7
34. e5 Rc2 35. Qb3 Re2 36. Qd3 Qxb5 37. Qxb5 Rxb5 38. d6 Nc6 39. Rc1 Rb6 40. d7
Bf8 41. Rxc6 Rxc6 42. d8=Q Kg8 43. Qd5+ Kg7 44. Qxc6 Kh6 45. Qf6 Bc5 46. h4 Be3
47. h5 Bd4 48. Qg5+ Kg7 49. h6+ Kf7 50. Qf6+ Ke8 51. Qe6+ Kf8 52. Rc1 Re3 1-0

[Event "II Weekend Open"]
[Site "Omegna ITA"]
[Date "2014.08.10"]
[Round "4"]
[White "Koureas, Panicos"]
[Black "Tencheni, Maurizio"]
[WhiteElo "1417"]
[BlackElo "1740"]
[Result "0-1"]
[PlyCount "46"]
[EventDate "2014.08.08"]

1. e4 b6 2. d4 Bb7 3. Bd3 Nf6 4. Nc3 e6 5. Qe2 Nc6 6. Nf3 Bb4 7. O-O O-O 8. Bg5
Be7 9. a3 Nh5 10. Bxe7 Qxe7 11. Qe3 Nf6 12. Rfe1 d6 13. Rad1 Rfe8 14. Qf4 e5
15. Qh4 h6 16. Qh3 Nxd4 17. Nxd4 exd4 18. Nd5 Nxd5 19. exd5 Qxe1+ 20. Rxe1
Rxe1+ 21. Bf1 Ba6 22. g3 Bxf1 23. Qh4 Bh3# 0-1

[Event "II Weekend Open"]
[Site "Omegna ITA"]
[Date "2014.08.10"]
[Round "4"]
[White "Lachat, Martin"]
[Black "Lantschner, Alexander"]
[WhiteElo "1646"]
[BlackElo "1562"]
[Result "0-1"]
[PlyCount "99"]
[EventDate "2014.08.08"]

1. c4 e5 2. Nc3 Bc5 3. Nf3 d6 4. d4 exd4 5. Nxd4 Qf6 6. e3 Ne7 7. Ne4 Qe5 8.
Nxc5 Qxc5 9. Be2 Nbc6 10. O-O O-O 11. a3 Qg5 12. e4 Qe5 13. Nxc6 Nxc6 14. Qd5
Qf6 15. Qd1 Qg6 16. Bf3 Ne5 17. b3 Bg4 18. Bxg4 Nxg4 19. f3 Ne5 20. Bf4 Rad8
21. Qe2 h6 22. Bxe5 dxe5 23. Rad1 Qb6+ 24. Kh1 Qxb3 25. Rb1 Qxa3 26. Rxb7 Qc5
27. Rb5 Qe7 28. Ra1 Ra8 29. Rba5 c6 30. Qb2 f6 31. Qa2 Rf7 32. c5 Kh7 33. Qa4
Qb7 34. Ra6 Rc8 35. Rd1 Rb8 36. h3 Ra8 37. Kh2 Qb5 38. Qa3 h5 39. Qa5 Qb7 40.
Rd6 Rc8 41. Kg3 Kg6 42. Kh4 Kh6 43. Qd2+ g5+ 44. Qxg5+ Kh7 45. Qxh5+ Kg8 46.
Qg4+ Kh8 47. Ra1 Rh7+ 48. Kg3 Rg7 49. Rxf6 Rxg4+ 50. hxg4 0-1

[Event "II Weekend Open"]
[Site "Omegna ITA"]
[Date "2014.08.10"]
[Round "4"]
[White "Lantschner, Carmen"]
[Black "Giancola, Andrea"]
[WhiteElo "1690"]
[BlackElo "1760"]
[Result "1/2-1/2"]
[PlyCount "122"]
[EventDate "2014.08.08"]

1. e4 c6 2. d4 d5 3. exd5 cxd5 4. Bd3 Nc6 5. c3 Nf6 6. Bf4 e6 7. Nf3 Be7 8. Ne5
O-O 9. O-O Ne8 10. Nd2 Nxe5 11. Bxe5 Bf6 12. Bf4 a5 13. Re1 b6 14. Nf3 Ba6 15.
Bc2 b5 16. a3 Nd6 17. Ne5 Qc8 18. Qh5 Nf5 19. g4 g6 20. Qh3 Ne7 21. Bh6 Bg7 22.
Bxg7 Kxg7 23. g5 Rh8 24. Qh6+ Kg8 25. Ng4 f5 26. Nf6+ Kf7 27. Re3 Qf8 28. Qxf8+
Rhxf8 29. Nd7 Rfd8 30. Nc5 Rd6 31. Rae1 Bc8 32. Ra1 Nc6 33. Bd3 Ba6 34. Nxa6
Rxa6 35. Bxb5 Rb6 36. Bxc6 Rdxc6 37. Rb1 a4 38. Kf1 Rb3 39. Ke1 Rcb6 40. Re2
Rxa3 41. bxa3 Rxb1+ 42. Kd2 Rb3 43. Kc2 Rxa3 44. Kb2 Rb3+ 45. Kc2 Rb7 46. Re1
Ke7 47. Ra1 Ra7 48. Kb2 Kd6 49. f4 Kc6 50. Kc2 Kb5 51. Rb1+ Kc6 52. Ra1 a3 53.
Kb3 a2 54. Rxa2 Rxa2 55. Kxa2 Kb6 56. Kb3 Kb5 57. h3 Kb6 58. Kb4 Kc6 59. Ka5
Kd6 60. Kb5 Kd7 61. Kb6 Kd6 1/2-1/2

[Event "II Weekend Open"]
[Site "Omegna ITA"]
[Date "2014.08.10"]
[Round "4"]
[White "Merighi, Yasin"]
[Black "Nanni, Sergio"]
[WhiteElo "1576"]
[BlackElo "1706"]
[Result "0-1"]
[PlyCount "80"]
[EventDate "2014.08.08"]

1. e4 e5 2. Nf3 Nf6 3. Nc3 Nc6 4. Bb5 Bc5 5. Nxe5 Bxf2+ 6. Kxf2 Nxe5 7. d4 Ng6
8. Rf1 O-O 9. Kg1 h6 10. Bc4 d6 11. Be2 Qe7 12. Bf3 Be6 13. Re1 Rad8 14. Be3
Nh7 15. Bf2 c6 16. Bg3 Ng5 17. Bh5 a6 18. Bxg6 fxg6 19. Bh4 Nf3+ 20. gxf3 Qxh4
21. Qe2 g5 22. Qf2 Qh5 23. Re3 g4 24. Rf1 gxf3 25. Rxf3 Rxf3 26. Qxf3 Qg5+ 27.
Kh1 Qe7 28. Re1 Rf8 29. Qg3 Qf7 30. Rg1 Qf6 31. e5 dxe5 32. dxe5 Qf7 33. h3 Bf5
34. Rg2 Bg6 35. Qxg6 Qf1+ 36. Kh2 Rf7 37. e6 Re7 38. Ne4 Qf4+ 39. Kh1 Qf1+ 40.
Rg1 Qxh3# 0-1

[Event "II Weekend Open"]
[Site "Omegna ITA"]
[Date "2014.08.10"]
[Round "4"]
[White "Nordio, Giordano"]
[Black "Rigotti, Gianluigi"]
[WhiteElo "1413"]
[BlackElo "1606"]
[Result "0-1"]
[PlyCount "118"]
[EventDate "2014.08.08"]

1. d4 Nf6 2. c4 e6 3. Nc3 g6 4. Be3 Bg7 5. h3 O-O 6. Qd2 d5 7. Bh6 Ne4 8. Nxe4
dxe4 9. Bxg7 Kxg7 10. e3 b6 11. Ne2 Bb7 12. Ng3 f5 13. Be2 Qh4 14. O-O-O f4 15.
Nf1 Qxf2 16. d5 fxe3 17. Qd4+ Qf6 18. dxe6 Qxd4 19. Rxd4 Kf6 20. Bg4 Ke5 21. e7
Re8 22. Rd7 Na6 23. Nxe3 h5 24. Be2 Ke6 25. Rdd1 Rxe7 26. g4 hxg4 27. Bxg4+ Ke5
28. a3 c6 29. Rd2 Nc5 30. Bd1 Nd3+ 31. Kc2 Rf7 32. Rhh2 Raf8 33. Rhe2 Kd4 34.
Kb1 Rf3 35. Nc2+ Ke5 36. Rg2 Rxh3 37. Rxg6 Rf2 38. Re2 Rxe2 39. Bxe2 Rh1+ 40.
Ka2 Nc1+ 41. Ka1 Nxe2+ 42. Ka2 Rg1 43. Rh6 Rg2 44. Ne3 Rg3 45. Nf1 Rd3 46. Nh2
Kd4 47. Rh7 Ba6 48. Rd7+ Kxc4 49. Rxa7 Kb5 50. Re7 Rd4 51. Ng4 Nc1+ 52. Kb1 Nb3
53. Kc2 Nc5 54. Re5 Ka4 55. Ne3 Bd3+ 56. Kc3 Nb3 57. Re6 Bb1 58. Re7 Rd3+ 59.
Kc4 b5# 0-1